000 00967nam a22003017a 4500
001 9295
003 FISKH
005 20251209111452.0
008 251209b cb ||||| |||| 00| 0 eng d
020 _a9780545126700
040 _aFISKH
_beng
_cFISKH
_dFISKH
050 _aPZ8.F88 A
082 _a823.92
100 _aFreedman, Claire
245 _aAlliens love underpants /
_cBy Claire Freedman & Ben Cort
250 _aFirst Scholastic printing , November 2008
260 _aNew York :
_bScholastic ,
_c2007.
300 _a29 unnumbered pages :
_bcolor illustrations ;
_c26 cm .
490 _aUnderpants
505 _aV
520 _aIllustrations and rhyming text reveal the reason why aliens fly down to Earth. They want your underpants!
521 8 _a860
_bLexile AD
521 8 _aV
_bRaz-Plus
650 _aUnderpants
_vChildren's Book
700 _aWebster , Genevieve
_eBook designer
942 _2ddc
_cBK
_n0
999 _c9295
_d9295